[Event "ENG-ch Schools"]
[Site "Nottingham"]
[Date "2025.06.26"]
[Round "6.4"]
[White "Manikandan, Gaurav1"]
[Black "Mouratidis, Markos"]
[Result "1-0"]
[WhiteElo "1575"]
[BlackElo "1372"]
[PlyCount "95"]
[EventDate "2025.06.25"]
[EventType "team-swiss"]
[EventRounds "6"]
[EventCountry "ENG"]
[SourceTitle "CB27_2025"]
[SourceDate "2025.07.02"]
[SourceVersion "1"]
[SourceVersionDate "2025.07.02"]
[SourceQuality "1"]
[WhiteTeam "Eltham College"]
[BlackTeam "Brentwood"]
[WhiteTeamCountry "ENG"]
[BlackTeamCountry "ENG"]

1. e4 e5 2. Nf3 Nc6 3. Bc4 Bc5 4. Nc3 Nf6 5. d3 h6 6. h3 d6 7. 0-0 Be6 8. Nd5 Bxd5 9. exd5 Nb4 10. c3 Nbxd5 11. Qb3 c6 12. Qxb7 0-0 13. Qxc6 Ne7 14. Qa4 d5 15. Bb3 e4 16. Ne5 d4 17. Qc4 Qd5 18. Qxd5 Nexd5 19. Bxd5 Nxd5 20. Nd7 Rfc8 21. Nxc5 Rxc5 22. cxd4 Rc2 23. dxe4 Nb4 24. Be3 Rac8 25. Rfc1 Nd3 26. Rxc2 Rxc2 27. d5 a6 28. Bd4 Re2 29. Rd1 Nxb2 30. Bxb2 Rxb2 31. d6 Rb8 32. e5 Kf8 33. Rd5 Ke8 34. Ra5 Ra8 35. f4 Kd7 36. Rc5 g6 37. g4 Rb8 38. Ra5 Rb4 39. Rxa6 Rxf4 40. Ra7+ Ke8 41. a4 Re4 42. Re7+ Kf8 43. a5 Ra4 44. Ra7 Ke8 45. a6 Ra5 46. Re7+ Kf8 47. a7 g5 48. Rb7 1-0

[Event "ENG-ch Schools"]
[Site "Nottingham"]
[Date "2025.06.25"]
[Round "2.4"]
[White "Mouratidis, Markos"]
[Black "Zhan, Richard"]
[Result "0-1"]
[WhiteElo "1372"]
[BlackElo "1653"]
[PlyCount "68"]
[EventDate "2025.06.25"]
[EventType "team-swiss"]
[EventRounds "6"]
[EventCountry "ENG"]
[SourceTitle "CB27_2025"]
[SourceDate "2025.07.02"]
[SourceVersion "1"]
[SourceVersionDate "2025.07.02"]
[SourceQuality "1"]
[WhiteTeam "Brentwood"]
[BlackTeam "St Paul's"]
[WhiteTeamCountry "ENG"]
[BlackTeamCountry "ENG"]

1. e4 c5 2. Nf3 d6 3. d4 cxd4 4. Nxd4 Nf6 5. Nc3 a6 6. h3 e6 7. Bg5 Be7 8. Bd3 b5 9. a3 Bb7 10. Qd2 Nc6 11. Nf3 Qc7 12. 0-0 h6 13. Bxf6 Bxf6 14. Rfe1 0-0 15. Qf4 Nd4 16. Nxd4 Bxd4 17. Nd1 Rac8 18. c3 Be5 19. Qg4 d5 20. exd5 Bxd5 21. Ne3 Bb7 22. Be4 f5 23. Bxf5 exf5 24. Nxf5 Kh7 25. f4 Qc5+ 26. Kh1 Bxc3 27. Rac1 Qxf5 28. Qxf5+ Rxf5 29. Rxc3 Rxc3 30. bxc3 Rxf4 31. Re7 Bc6 32. Ra7 Ra4 33. Rc7 Bd5 34. Rc5 Bc4 0-1

[Event "ENG-ch Schools"]
[Site "Nottingham"]
[Date "2025.06.25"]
[Round "1.4"]
[White "Prasad, Aditya"]
[Black "Mouratidis, Markos"]
[Result "0-1"]
[WhiteElo "1379"]
[BlackElo "1372"]
[PlyCount "89"]
[EventDate "2025.06.25"]
[EventType "team-swiss"]
[EventRounds "6"]
[EventCountry "ENG"]
[SourceTitle "CB27_2025"]
[SourceDate "2025.07.02"]
[SourceVersion "1"]
[SourceVersionDate "2025.07.02"]
[SourceQuality "1"]
[WhiteTeam "King Edward VI Camp Hill"]
[BlackTeam "Brentwood"]
[WhiteTeamCountry "ENG"]
[BlackTeamCountry "ENG"]

1. e4 e5 2. Nf3 Nc6 3. c3 Nf6 4. d4 exd4 5. e5 Ng4 6. cxd4 d6 7. h3 Nh6 8. Bxh6 gxh6 9. Bb5 Bd7 10. Qb3 Bg7 11. 0-0 0-0 12. exd6 cxd6 13. Rd1 a6 14. Bd3 Nxd4 15. Nxd4 Bxd4 16. Bxh7+ Kxh7 17. Qd3+ Kg7 18. Qxd4+ Qf6 19. Qxd6 Qxb2 20. Nd2 Be6 21. Ne4 Rfd8 22. Qg3+ Kh7 23. Rdb1 Qc2 24. Qe5 Rd2 25. Rxb7 Rd1+ 26. Rxd1 Qxd1+ 27. Kh2 Kg8 28. Qg3+ Kh8 29. Qe5+ Kg8 30. Nf6+ Kf8 31. Qf4 Kg7 32. Nh5+ Qxh5 33. Qd4+ Kh7 34. Qe4+ Kg8 35. Rb6 Qd5 36. Qe2 a5 37. a3 Rd8 38. Rb5 Qd6+ 39. g3 Qd2 40. Qf3 Qd3 41. Qc6 Bd7 42. Qxh6 Qxb5 43. Qf6 Re8 44. a4 Qf5 45. Qb2 0-1